Normal view
MARC view
- Narayanan,K.V.
Entry Personal Name
001 - CONTROL NUMBER
- control field: 661
003 - CONTROL NUMBER IDENTIFIER
- control field: NUST
005 - DATE AND TIME OF LATEST TRANSACTION
- control field: 20170512165901.0
008 - FIXED-LENGTH DATA ELEMENTS
- fixed length control field: 170512|| aca||aabn | a|a d
040 ## - CATALOGING SOURCE
- Original cataloging agency: NUST
- Transcribing agency: NUST
100 ## - HEADING--PERSONAL NAME
- Personal name: Narayanan,K.V.
670 ## - SOURCE DATA FOUND
- Source citation: Work cat.: (NUST): Narayanan,K.V., Stoichiometry and Process Calculations, 2006
